Viaje a través del cristianismo: exégesis, antropología, psicoanálisis.
Saved in:
| Hovedforfatter: | |
|---|---|
| Andre forfattere: | |
| Format: | Bog |
| Udgivet: |
Maliaño, España:
Sal Terrae,
2015.
|
| Serier: | Colección Presencia Teológica
|
| Fag: | |
| Tags: |
Tilføj Tag
Ingen Tags, Vær først til at tagge denne postø!
|
MARC
| LEADER | 00000cam a2200000 a 4500 | ||
|---|---|---|---|
| 001 | UCC4344 | ||
| 003 | CL-VaPUC | ||
| 005 | 20221104153250.0 | ||
| 008 | 221104t2015 ||||| |||| 00| 0 eng d | ||
| 020 | |a 978-84-293-2459-4 | ||
| 040 | |c Pontificia Universidad Católica de Valparaíso | ||
| 082 | 0 | 4 | |a 230 CAU 2015 |2 21 |
| 100 | |a Causse, Jean-Daniel |e autor |9 531689 | ||
| 245 | 1 | 0 | |a Viaje a través del cristianismo: exégesis, antropología, psicoanálisis. |
| 260 | |a Maliaño, España: |b Sal Terrae, |c 2015. | ||
| 300 | |a 211 páginas. | ||
| 490 | 0 | |a Colección Presencia Teológica |n 229. | |
| 583 | |a last modification |c 20180727 12:54:00 |k Rodrigo Vera | ||
| 650 | 0 | |a Cristianismo |9 257361 | |
| 650 | 0 | |a Teología cristiana |9 308336 | |
| 650 | 0 | |a Exégesis |9 365279 | |
| 700 | 0 | |a Cuvillier, Elian |e autor |9 598551 | |
| 942 | |c BK |2 ddc | ||
| 945 | |d 20180727 12:54:00 |a dcastane | ||
| 999 | |c 371896 |d 371894 | ||
| 952 | |0 0 |1 0 |3 erb |4 0 |6 230_000000000000000_CAU_2015 |7 0 |8 A |9 489102 |a BIBTEO |b BIBTEO |i 5483999 |l 3 |m 3 |o 230 CAU 2015 |p 5483999 |r 2025-01-17 |s 2022-08-25 |w 2019-11-24 |y BK |z Catalogado en:20180727 |k ICR | ||
| 952 | |0 0 |1 0 |2 ddc |4 0 |6 230_000000000000000_CAU_2015 |7 0 |8 A |9 587575 |a BIBTEO |b BIBTEO |c GEN |d 2022-11-04 |e 1 |g 24178.00 |i 5655457 |o 230 CAU 2015 |p 5655457 |r 2025-01-17 |t 2 |v 24178.00 |w 2022-11-04 |y BK |k ICR | ||